Librarianship : (Record no. 123052)

MARC details
000 -LEADER
fixed length control field 00612nam a22002297a 4500
010 ## - LIBRARY OF CONGRESS CONTROL NUMBER
LC control number 028691
020 ## - INTERNATIONAL STANDARD BOOK NUMBER
Terms of availability 00
035 ## - SYSTEM CONTROL NUMBER
System control number 028691
037 ## - SOURCE OF ACQUISITION
Source of stock number/acquisition Cen Lib/Ret
040 ## - CATALOGING SOURCE
Original cataloging agency DPL
Language of cataloging EN
082 ## - DEWEY DECIMAL CLASSIFICATION NUMBER
Classification number 020.1
Item number IRW
100 ## - MAIN ENTRY--PERSONAL NAME
Personal name Irwin, Raymond
9 (RLIN) 3886
245 ## - TITLE STATEMENT
Title Librarianship :
Statement of responsibility, etc by Raymond Irwin
Remainder of title essays on applied bibliography /
246 ## - VARYING FORM OF TITLE
Remainder of title
260 ## - PUBLICATION, DISTRIBUTION, ETC. (IMPRINT)
Name of publisher, distributor, etc Grafton & Co.
Date of publication, distribution, etc 1949
Place of publication, distribution, etc London
270 ## - ADDRESS
City London
300 ## - PHYSICAL DESCRIPTION
Extent 131p.
Dimensions 18cm(Hb)
500 ## - GENERAL NOTE
General note includes index
650 ## - SUBJECT ADDED ENTRY--TOPICAL TERM
Topical term or geographic name as entry element Library Sciences
9 (RLIN) 142865
650 ## - SUBJECT ADDED ENTRY--TOPICAL TERM
Topical term or geographic name as entry element Theory & Practice
9 (RLIN) 3888
942 ## - ADDED ENTRY ELEMENTS (KOHA)
Source of classification or shelving scheme Dewey Decimal Classification
Koha item type English Books
Classification part 020.1
Call number suffix IRW
Holdings
Withdrawn status Lost status Damaged status Not for loan Home library Current library Date acquired Source of acquisition Cost, normal purchase price Total Checkouts Full call number Barcode Date last seen Copy number Cost, replacement price Price effective from Koha item type
        Central Library Central Library 02/06/2015 Cen Lib/Ret 0.00   020.1 IRW 028691 02/06/2015 1 0.00 15/09/2016 English Books

© Delhi Public Library
Hit Counter
free hit counter